[Event "US Open-109"]
[Site "Dallas"]
[Date "2008.08.09"]
[Round "8"]
[White "Gogte, Yoshodhan"]
[Black "Landaw, Julian W"]
[Result "0-1"]
[WhiteElo "2203"]
[BlackElo "2246"]
[PlyCount "152"]
[EventDate "2008.08.02"]
[EventType "swiss"]
[EventRounds "9"]
[EventCountry "USA"]
[SourceTitle "CBM 125 Extra"]
[Source "ChessBase"]
[SourceDate "2008.09.01"]
[SourceVersion "1"]
[SourceVersionDate "2008.09.01"]
[SourceQuality "1"]

1. e4 e5 2. Nf3 Nc6 3. Bc4 Bc5 4. b4 Bxb4 5. c3 Bd6 6. d4 Nf6 7. dxe5 Bxe5 8. Ng5 d5 9. exd5 Na5 10. Qa4+ c6 11. dxc6 0-0 12. 0-0 Nxc6 13. Nf3 Bd6 14. Ba3 Bxa3 15. Nxa3 Bg4 16. Nd4 Nxd4 17. cxd4 a6 18. Bb3 Qd6 19. Nc2 Be2 20. Rfe1 Ng4 21. g3 Bf3 22. d5 Nf6 23. Ne3 Ne4 24. Qd4 Qd7 25. Bc2 Rfe8 26. Bd3 Rad8 27. Rac1 Qh3 28. Bf1 Qh5 29. Bg2 Nf6 30. Qf4 Bxg2 31. Kxg2 Nxd5 32. Nxd5 Qxd5+ 33. Qf3 Qxf3+ 34. Kxf3 Rxe1 35. Rxe1 Kf8 36. Rb1 Rd7 37. Rb2 Ke7 38. Ke3 Kd6 39. Kd4 Kc6+ 40. Kc3 Kc5 41. Re2 b5 42. Rc2 b4+ 43. Kb3+ Kb5 44. Re2 Rd3+ 45. Kc2 Rf3 46. Kb2 a5 47. Kc2 Ka4 48. Kb2 h5 49. Rc2 g5 50. Re2 h4 51. gxh4 gxh4 52. Rd2 Rh3 53. Rd7 Rxh2 54. Rxf7 Rg2 55. Rf3 Rh2 56. Rf5 h3 57. Rf3 Kb5 58. a3 Kc4 59. axb4 axb4 60. Kc2 Kd5 61. Kd2 Rh1 62. Kc2 Ke4 63. Re3+ Kf5 64. Rg3 Kf4 65. Kb2 b3 66. Rxb3 Kg4 67. Rg3+ Kh4 68. Rg8 Rf1 69. Kc2 Rxf2+ 70. Kd3 h2 71. Rh8+ Kg3 72. Rg8+ Kf3 73. Rf8+ Kg2 74. Rg8+ Kf1 75. Rh8 Kg1 76. Ke3 Rg2 0-1

[Event "Commonwealth-ch"]
[Site "Mumbai"]
[Date "2004.01.14"]
[Round "5"]
[White "Sriram, Jha"]
[Black "Gogte, Yoshodhan"]
[Result "1-0"]
[WhiteElo "2450"]
[BlackElo "2167"]
[PlyCount "81"]
[EventDate "2004.01.10"]
[EventType "swiss"]
[EventRounds "9"]
[EventCountry "IND"]
[SourceTitle "EXT 2006"]
[Source "ChessBase"]
[SourceDate "2005.11.24"]
[SourceVersion "1"]
[SourceVersionDate "2005.11.24"]
[SourceQuality "1"]

1. d4 d5 2. c4 c6 3. Nc3 Nf6 4. e3 e6 5. Nf3 Bd6 6. Qc2 Nbd7 7. g4 h6 8. Bd2 e5 9. cxd5 Nxd5 10. 0-0-0 exd4 11. Nxd4 N7f6 12. h3 Bd7 13. Nf5 Bxf5 14. Qxf5 Ne7 15. Qc2 Qc7 16. Bc4 Rf8 17. Qb3 Ng6 18. f4 0-0-0 19. Rhf1 Kb8 20. Kb1 Qe7 21. Qc2 Bc7 22. e4 Nd7 23. e5 Nb6 24. Bb3 Nd5 25. Nxd5 cxd5 26. Be3 Qh4 27. Rf3 Rc8 28. Bxd5 Qe7 29. Bc5 Qe8 30. Bxf8 Nxf8 31. Qb3 Bb6 32. Bxf7 Qc6 33. Bd5 Qg6+ 34. f5 Qe8 35. e6 Qe7 36. Rc3 Rd8 37. Rcd3 Rc8 38. a3 Nh7 39. Bg2 Nf6 40. Rd7 Nxd7 41. Rxd7 1-0

[Event "Commonwealth-ch"]
[Site "Mumbai"]
[Date "2004.01.13"]
[Round "4"]
[White "Gogte, Yoshodhan"]
[Black "Deshmukh, Anup"]
[Result "0-1"]
[WhiteElo "2167"]
[BlackElo "2340"]
[PlyCount "75"]
[EventDate "2004.01.10"]
[EventType "swiss"]
[EventRounds "9"]
[EventCountry "IND"]
[SourceTitle "EXT 2006"]
[Source "ChessBase"]
[SourceDate "2005.11.24"]
[SourceVersion "1"]
[SourceVersionDate "2005.11.24"]
[SourceQuality "1"]

1. e4 c5 2. c3 Nf6 3. e5 Nd5 4. g3 Qc7 5. d4 Nc6 6. Bg2 cxd4 7. f4 e6 8. Bxd5 exd5 9. cxd4 Nxd4 10. Nc3 Bc5 11. Nge2 Nf3+ 12. Kf1 d6 13. Kg2 d4 14. Ne4 Nxe5 15. Nxd4 Bg4 16. Qa4+ Bd7 17. Qc2 Qc8 18. fxe5 Bh3+ 19. Kf3 Qg4+ 20. Ke3 Bxd4+ 21. Kxd4 dxe5+ 22. Ke3 0-0 23. Nf2 Qd4+ 24. Ke2 Rac8 25. Qd3 Qa4 26. b3 Qc6 27. Rd1 e4 28. Qd4 Qa6+ 29. Ke3 Bg2 30. Bb2 Qh6+ 31. Ke2 Bf3+ 32. Ke1 e3 33. Ng4 Bxg4 34. Qxg4 Rc2 35. Qd4 Rxh2 36. Rd3 Rxb2 37. Qxb2 Qh1+ 38. Ke2 0-1